ਪੰਜਾਬ ਦੀਆਂ ਤਿਤਲੀਆਂ / (Record no. 111001)

MARC details
000 -LEADER
fixed length control field 00998nam a22002417a 4500
010 ## - LIBRARY OF CONGRESS CONTROL NUMBER
LC control number B-082424
020 ## - INTERNATIONAL STANDARD BOOK NUMBER
International Standard Book Number 8173806677
Terms of availability 400.00
035 ## - SYSTEM CONTROL NUMBER
System control number B-082424
037 ## - SOURCE OF ACQUISITION
Stock number Cen Lib / Ret
040 ## - CATALOGING SOURCE
Original cataloging agency DPL
Language of cataloging PN
082 ## - DEWEY DECIMAL CLASSIFICATION NUMBER
Classification number 595.789
Item number ਸੈਣੀਮ
100 ## - MAIN ENTRY--PERSONAL NAME
Personal name ਸੈਣੀ, ਮਲਕੀਅਤ ਸਿੰਘ
9 (RLIN) 132685
245 ## - TITLE STATEMENT
Title ਪੰਜਾਬ ਦੀਆਂ ਤਿਤਲੀਆਂ /
Statement of responsibility, etc ਮਲਕੀਅਤ ਸਿੰਘ ਸੈਣੀ
246 ## - VARYING FORM OF TITLE
Title proper/short title Punjab dian titlian : Punjabi /
Remainder of title by Malkiat Singh Saini
260 ## - PUBLICATION, DISTRIBUTION, ETC. (IMPRINT)
Place of publication, distribution, etc ਪਟਿਆਲਾ
Name of publisher, distributor, etc ਪੰਜਾਬੀ ਯੂਨੀਵਰਸਿਟੀ
Date of publication, distribution, etc 2000
270 ## - ADDRESS
Address ਪੰਜਾਬੀ ਯੂਨੀਵਰਸਿਟੀ
City ਪਟਿਆਲਾ
300 ## - PHYSICAL DESCRIPTION
Extent 121p ;
Other physical details 24cm(Hb)
650 ## - SUBJECT ADDED ENTRY--TOPICAL TERM
Topical term or geographic name as entry element Butterflies -- India -- Punjab.
9 (RLIN) 132686
650 ## - SUBJECT ADDED ENTRY--TOPICAL TERM
Topical term or geographic name as entry element India -- Punjab.
9 (RLIN) 132687
650 ## - SUBJECT ADDED ENTRY--TOPICAL TERM
Topical term or geographic name as entry element ਭਾਰਤ - ਪੰਜਾਬ
9 (RLIN) 34
650 ## - SUBJECT ADDED ENTRY--TOPICAL TERM
Topical term or geographic name as entry element ਤਿਤਲੀਆਂ -- India -- Punjab.
9 (RLIN) 132688
942 ## - ADDED ENTRY ELEMENTS (KOHA)
Source of classification or shelving scheme Dewey Decimal Classification
Koha item type Punjabi Bks
Classification part 595.789
Call number suffix ਸੈਣੀਮ
Holdings
Withdrawn status Lost status Damaged status Not for loan Home library Current library Date acquired Source of acquisition Cost, normal purchase price Total Checkouts Full call number Barcode Date last seen Copy number Cost, replacement price Price effective from Koha item type
        Central Library Central Library 11/02/2016 Cen Lib/Ret 400.00   595.789 ਸੈਣੀਮ B-082424 11/02/2016 1 400.00 11/02/2016 Punjabi Bks

© Delhi Public Library
Hit Counter
free hit counter